000 00785nam a22002177a 4500
999 _c289
_d289
003 AR-CdUCM
008 190222b ||||| |||| 00| 0 spa d
020 _a8470760432
040 _aMUNICIPALIDAD PROVINCIAL DEL CUSCO
_cBIBLIOTECA MUNICIPAL DEL CUSCO
082 _a858.8 /
_bSA164
100 _aSalgari, Emilio
_9800
245 _aEl Gran Cazador de las Praderas /
260 _aMadrid :
_bGahe,
_c1975.
300 _a154 paginas ;
_b8 Ilustraciones.
_c20 cm.
505 _aEl herido -- Mutilado por los pieles rojas -- "Cola Abigarrada" -- A través de la pradera -- "Nube Roja" -- La danza de los Bisontes...
650 _aAullidos estridentes
_91210
650 _aMontañas pedregosas
_91211
650 _aAldeas humanas
_91212
942 _2ddc
_cLIBROS
945 _awnts
_d2019-02-22